Making it legal : (Record no. 17399)

000 -LEADER
fixed length control field 02627cam a2200241 i 4500
020 ## - INTERNATIONAL STANDARD BOOK NUMBER
ISBN 9781413319835 (pbk.)
040 ## - CATALOGING SOURCE
Transcribing agency DLC
082 00 - DEWEY DECIMAL CLASSIFICATION NUMBER
Classification number 346 NOL 2014 A113 Or.
100 1# - MAIN ENTRY--AUTHOR NAME
Personal name Hertz, Frederick,
245 10 - TITLE STATEMENT
Title Making it legal :
Remainder of title a guide to same-sex marriage, domestic partnerships & civil unions /
250 ## - EDITION STATEMENT
Edition statement 3rd Edition [reprinted].
300 ## - PHYSICAL DESCRIPTION
Number of Pages 279 pages ;
Dimensions 23 cm
520 ## - SUMMARY, ETC.
Summary, etc " The ultimate guide to the past, present, and future of same-sex relationship laws in the U.S. Same-sex relationships are treated differently under each state's laws, and more than a quarter of the U.S. population lives in a state with some form of legal recognition for same-sex couples. More than 100,000 same-sex couples have married. Making It Legal is the only book that offers a comprehensive review of all the issues that influence the decision to marry and breaks down the complex and ever-changing rules of same-sex relationship laws. This book provides guidance on important issues that same-sex married couples may face: - Is a pre-nup advisable? What does it involve? - What happens when you want to file your taxes? - When is a will or a living trust needed? - What are the special needs of same-sex couples with kids? - When should you turn to professionals for help during disagreements? - How do you work with step-parents, past partners, and the blended family? Nationally recognized same-sex relationship law expert Attorney Frederick Hertz and Attorney Emily Doskow have written the ultimate guide to the ultimate decision -- whether to enter into a marriage or other legal relationship with your same-sex partner. Since the first edition was published, numerous changes have taken place across the country. Some states have legalized same-sex marriage, and others have passed laws stating that they will acknowledge same-sex marriages from other states. This edition is updated to account for these changes in state laws and projects additional changes likely to happen in the future"--
520 ## - SUMMARY, ETC.
Summary, etc "With the only comprehensive guide to same-sex relationship laws in the U.S., Making It Legal discusses the important factors involved in the personal decision to marry, along with the issues that every married couple may face: What are the special needs of same-sex couples with kids? What happens when you want to file your taxes? When is a will or a living trust needed? "--
650 #0 - SUBJECT ADDED ENTRY--TOPICAL TERM
Topical Term Same-sex marriage
650 #0 - SUBJECT ADDED ENTRY--TOPICAL TERM
Topical Term Civil unions
650 #0 - SUBJECT ADDED ENTRY--TOPICAL TERM
Topical Term Gay couples
650 #0 - SUBJECT ADDED ENTRY--TOPICAL TERM
Topical Term Gay rights
650 #0 - SUBJECT ADDED ENTRY--TOPICAL TERM
Topical Term Divorce
650 #0 - SUBJECT ADDED ENTRY--TOPICAL TERM
Topical Term Estate planning
700 1# - ADDED ENTRY--PERSONAL NAME
Personal name Doskow, Emily,
942 ## - ADDED ENTRY ELEMENTS (KOHA)
Koha item type សៀវភៅភាសាអង់គ្លេស
952 ## - LOCATION AND ITEM INFORMATION (KOHA)
Withdrawn status [LOCAL, KOHA] 0
952 ## - LOCATION AND ITEM INFORMATION (KOHA)
Withdrawn status [LOCAL, KOHA] 0
Holdings
Permanent Location Date acquired Koha item type Lost status Shelving location Barcode Current Location Full call number
Library Block A2018-11-20សៀវភៅភាសាអង់គ្លេស A113A35764Library Block A346 NOL 2014 A113 Or.
Library Block A2018-11-27សៀវភៅភាសាអង់គ្លេស A114A35642Library Block A346 NOL 2014 A113 Or.
មជ្ឈមណ្ឌលឯការនៃសាកលវិទ្យាល័យភូមិន្ទកសិកម្មចំការដូង

Powered by Koha